000 00499nam a2200169Ia 4500
003 GCL
008 140319s9999 xx 000 0 ara d
040 _aGCL /
_cGCL
082 0 4 _a721
_bم س
100 1 _aمحمد حماد
245 1 0 _aالسلالم فى المبانى /
_cمحمد حماد
260 _a[S.N] :
_bالمركز العربى لبحوث العمارة والفنون الاسلامية ،
_c1988
300 _a175 ص
490 _a
650 0 4 _aعمارة
942 _2ddc
_cBK
999 _c54115
_d54115